[Event "19th Raciborz Open 2019"]
[Site "Raciborz"]
[Date "2019.02.13"]
[Round "7.7"]
[White "Meers, Hubert"]
[Black "Piotrowski, Przemyslaw"]
[Result "1/2-1/2"]
[WhiteElo "1974"]
[BlackElo "2285"]
[Annotator "NA"]
[PlyCount "58"]
[EventDate "2019.02.09"]
[EventType "swiss"]
[EventCountry "POL"]
[SourceTitle "playchess.com"]
[Source "ChessBase"]
[SourceQuality "1"]
[TimeControl "5400+30"]

{[%evp 8,58,35,32767,32767,32767,32767,32767,32767,32767,26,32767,32767,32767,32767,32767,32,59,32767,75,70,-10,-14,-14,-14,32767,32767,32767,32767,-15,0,0,0,0,32767,0,21,12,12,0,0,8,5,10,0,10,37,0,0,32767,32767,0,8]} 1. e4 {[%emt 0:00:00]} c5 {[%emt 0:05:57]} 2. Nf3 {[%emt 0:00:00]} d6 {[%emt 0:00:26]} 3. d4 {[%emt 0:00:16]} cxd4 {[%emt 0:00:04]} 4. Nxd4 {[%emt 0:00:38]} Nf6 {[%emt 0:00:17]} 5. Nc3 {[%emt 0:00:39]} Nc6 {[%emt 0:00:03]} 6. Bc4 {[%emt 0:01:42]} e6 {[%emt 0:03:26]} 7. Be3 {[%emt 0:01:14]} a6 {[%emt 0:00:05]} 8. Bb3 {[%emt 0:00:56]} Na5 {[%emt 0:01:27]} 9. f4 {[%emt 0:02:08]} b5 {[%emt 0:08:10]} 10. e5 {[%emt 0:00:48]} dxe5 {[%emt 0:03:14]} 11. fxe5 {[%emt 0:00:11]} Nxb3 {[%emt 0:08:27]} 12. axb3 {[%emt 0:00:10] B88: Sicilian: Sozin Attack} Nd5 {[%emt 0:00:06]} 13. Qf3 $1 {[%emt 0:01:27]} Bb7 $1 {[%emt 0:01:52] LiveBook: 4 Games} 14. Nxd5 $146 {[%emt 0:01:07]} ({White should try Predecessor:} 14. O-O $14 Qd7 (14... Qc7 15. Nxd5 Bxd5 16. Qg3 g6 17. Bg5 Bg7 18. Bf6 Bxf6 19. Rxf6 O-O {0-1 (46) Geske,J (2395)-Shengelia,D (2550) Austria 2014}) 15. Nxd5 Bxd5 16. Qg3) 14... Qxd5 {[%emt 0:09:18]} 15. O-O {[%emt 0:12:21]} Qxf3 {[%emt 0:01:00]} 16. Nxf3 {[%emt 0:00:36]} Be7 {[%emt 0:03:07]} 17. c4 {[%emt 0:02:02]} Rc8 {[%emt 0:03:54]} 18. Rfc1 {[%emt 0:07:44]} O-O {[%emt 0:06:54]} 19. c5 {[%emt 0:04:00]} Rfd8 {[%emt 0:06:06]} 20. b4 {[%emt 0:01:12]} Rd3 {[%emt 0:08:37]} 21. Rc3 {[%emt 0:02:51]} Rcd8 {[%emt 0:04:35]} 22. Kf2 {[%emt 0:03:44]} f6 {[%emt 0:02:15]} 23. c6 {[%emt 0:17:49]} Rxc3 {[%emt 0:16:02]} 24. bxc3 {[%emt 0:00:06]} Bxc6 {[%emt 0:02:11]} 25. Rxa6 {[%emt 0:00:25]} Bd5 {[%emt 0:00:36]} 26. Ra7 {[%emt 0:07:12]} Kf8 {[%emt 0:03:38]} 27. Bd4 {[%emt 0:05:26]} f5 {[%emt 0:00:57]} 28. Be3 {[%emt 0:03:25]} Bxf3 {[%emt 0:00:22]} 29. gxf3 {[%emt 0:01:04]} Rd3 $11 {[%emt 0:00:53]} 1/2-1/2

[Event "19th Raciborz Open 2019"]
[Site "Raciborz"]
[Date "2019.02.13"]
[Round "7.8"]
[White "Panek, Bartosz"]
[Black "Kowalczyk, Rafal"]
[Result "0-1"]
[WhiteElo "1948"]
[BlackElo "2234"]
[Annotator "NA"]
[PlyCount "90"]
[EventDate "2019.02.09"]
[EventType "swiss"]
[EventCountry "POL"]
[SourceTitle "playchess.com"]
[Source "ChessBase"]
[SourceQuality "1"]
[TimeControl "5400+30"]

{[%evp 14,81,8,6,32767,0,32767,0,32767,41,43,32767,32767,31,32767,32767,32767,32767,32767,32767,0,0,12,0,0,0,522,-20,-11,-33,-12,-71,32767,32767,32767,32767,32767,-85,-58,-100,-99,32767,32767,-121,-115,-121,-124,-209,-214,-177,-206,-176,-205,-186,-174,-193,-217,-184,0,-219,-214,-262,-262,32767,32767,32767,32767,-1026,-1033,-1570]} 1. e4 {[%emt 0:00:00]} e5 {[%emt 0:00:02]} 2. Nf3 {[%emt 0:00:00]} Nc6 {[%emt 0:00:06]} 3. d4 {[%emt 0:00:00]} exd4 {[%emt 0:00:07]} 4. Nxd4 {[%emt 0:00:00]} Nf6 {[%emt 0:02:00]} 5. Nxc6 {[%emt 0:00:58]} bxc6 {[%emt 0:00:10]} 6. Bd3 {[%emt 0:00:48]} d5 {[%emt 0:01:58]} 7. Qe2 {[%emt 0:00:08]} Be7 {[%emt 0:13:41] LiveBook: 8 Games} ({But not} 7... Nxe4 $6 8. f3 $16) 8. e5 {[%emt 0:00:10] C45: Scotch Game} (8. Nd2 O-O 9. O-O Nd7 10. exd5 cxd5 11. Nb3 c5 12. c4 dxc4 13. Bxc4 Nb6 14. Bd3 Be6 15. Rd1 Qc7 16. Qe4 g6 17. Bf4 {1-0 (30) Najer,E (2679)-Inarkiev,E (2727) Poikovsky 2017}) 8... Nd7 {[%emt 0:00:10]} 9. O-O {[%emt 0:00:08]} Nc5 {[%emt 0:06:10]} 10. f4 {[%emt 0:00:24]} g6 {[%emt 0:14:02]} 11. Be3 {[%emt 0:02:09]} O-O $146 {[%emt 0:11:39]} ({Predecessor:} 11... Nxd3 12. cxd3 d4 13. Bf2 Qd5 14. Nd2 c5 15. Qe4 {½-½ (27) Loy,K (1962)-Kravtsiv,M (2448) Evpatoria 2007}) 12. Nd2 {[%emt 0:03:48]} f6 {[%emt 0:10:38]} 13. Nf3 {[%emt 0:05:41]} Bg4 {[%emt 0:03:47]} 14. h3 {[%emt 0:01:19]} Bxf3 {[%emt 0:00:35]} 15. Rxf3 {[%emt 0:00:07]} fxe5 {[%emt 0:02:37]} 16. fxe5 {[%emt 0:06:01]} Rxf3 {[%emt 0:02:32]} 17. Qxf3 {[%emt 0:00:46]} Qd7 {[%emt 0:06:21]} 18. Qg3 {[%emt 0:04:46]} Qe6 {[%emt 0:02:33]} 19. Rf1 {[%emt 0:03:13]} Nd7 $2 {[%emt 0:04:11] [#]} (19... Rf8 $11 {and Black has nothing to worry.}) 20. Bf4 $2 {[%emt 0:04:53]} (20. Bf5 $1 $18 {[%cal Rf5e6]} Qxe5 {[#]} 21. Bxd7 $3 {[%mdl 512]} Qxg3 22. Be6+ Kg7 23. Rf7+ Kg8 24. Rf3+ Kg7 25. Bd4+ Kh6 26. Rxg3) 20... Bc5+ {[%emt 0:01:56]} 21. Kh1 {[%emt 0:00:19]} Bd4 {[%emt 0:00:16]} 22. h4 {[%emt 0:04:10]} (22. Be2 $11) 22... Bxe5 {[%emt 0:05:20]} 23. h5 {[%emt 0:06:12]} Bxf4 {[%emt 0:00:05]} 24. Rxf4 {[%emt 0:00:28]} Ne5 {[%emt 0:01:26]} 25. hxg6 {[%emt 0:08:37]} (25. Qg5 $11) 25... hxg6 {[%emt 0:00:20]} 26. Rf1 {[%emt 0:00:10]} Kg7 {[%emt 0:02:43]} ({Of course not} 26... Nxd3 $6 27. cxd3 Rc8 28. Qh4 $11) 27. Kg1 {[%emt 0:02:26]} Re8 {[%emt 0:00:36]} 28. Bf5 {[%emt 0:06:51]} Qd6 {[%emt 0:00:26]} 29. Bh3 {[%emt 0:00:13]} c5 {[%emt 0:02:40]} 30. Qc3 {[%emt 0:04:54]} (30. b3 $17 {is a better defense.}) 30... c4 {[%emt 0:00:42]} 31. Qa5 {[%emt 0:01:09]} Qb6+ {[%emt 0:02:01]} 32. Qxb6 {[%emt 0:00:21]} axb6 {[%emt 0:00:13]} ({Much less strong is} 32... cxb6 33. Rf4 $17) 33. Rd1 {[%emt 0:01:18]} c6 {[%emt 0:00:17]} 34. Kf2 $1 $11 {[%emt 0:00:14]} Kf6 {[%emt 0:01:07]} 35. Rf1 {[%emt 0:00:38]} Kg7 $2 {[%emt 0:00:48]} (35... Kg5 $19 36. Rd1 Ra8) 36. Re1 $2 {[%emt 0:01:44]} d4 {[%emt 0:01:25]} 37. Rd1 {[%emt 0:00:59]} c5 {[%emt 0:00:36]} 38. g3 {[%emt 0:01:12]} Kf6 {[%emt 0:00:10]} 39. Rf1 {[%emt 0:01:11]} Kg5 {[%emt 0:00:30]} 40. b3 $2 {[%emt 0:05:45]} (40. Kg2) 40... c3 {[%emt 0:01:18]} 41. Rh1 $19 {[%emt 0:01:26]} Ra8 {[%emt 0:00:42]} 42. a4 {[%emt 0:00:14]} Rf8+ {[%emt 0:01:15]} 43. Kg2 {[%emt 0:01:24]} d3 {[%emt 0:00:16]} 44. Rd1 {[%emt 0:02:00]} dxc2 {[%emt 0:00:17]} 45. Rc1 {[%emt 0:00:08]} Nd3 {[%emt 0:00:05]} 0-1

[Event "19th Raciborz Open 2019"]
[Site "Raciborz"]
[Date "2019.02.13"]
[Round "7.9"]
[White "Piankov, Evgenij"]
[Black "Galuszka, Tomasz"]
[Result "1-0"]
[WhiteElo "2225"]
[BlackElo "2000"]
[Annotator "NA"]
[PlyCount "99"]
[EventDate "2019.02.09"]
[EventType "swiss"]
[EventCountry "POL"]
[SourceTitle "playchess.com"]
[Source "ChessBase"]
[SourceQuality "1"]
[TimeControl "5400+30"]

{[%evp 8,89,18,15,25,21,22,29,10,8,32767,32767,32767,32767,32767,32767,32767,-14,32767,-16,32767,32767,32767,-15,0,32767,32767,32767,32767,32767,32767,-30,-21,-36,-6,-18,-8,32767,32767,32767,32767,32767,-39,-26,-17,-29,-8,-19,0,0,32767,0,0,0,17,0,14,0,94,103,32767,32767,32767,32767,32767,76,204,230,32767,32767,32767,32767,267,205,222,263,196,204,149,214,273,196,32767,480]} 1. Nf3 {[%emt 0:00:00]} d5 {[%emt 0:00:00]} 2. g3 {[%emt 0:00:00]} Nf6 {[%emt 0:00:00]} 3. Bg2 {[%emt 0:00:09]} c6 {[%emt 0:00:00]} 4. O-O {[%emt 0:00:12]} Bf5 {[%emt 0:00:00]} 5. b3 {[%emt 0:03:50]} e6 {[%emt 0:00:06]} 6. Bb2 {[%emt 0:00:09]} Nbd7 {[%emt 0:00:24]} 7. d3 {[%emt 0:00:15]} Be7 {[%emt 0:01:49]} 8. Nbd2 {[%emt 0:00:20]} O-O {[%emt 0:01:18]} 9. c4 {[%emt 0:00:44]} h6 {[%emt 0:02:24]} 10. a3 {[%emt 0:01:09]} a5 {[%emt 0:02:33]} 11. Re1 {[%emt 0:00:59]} Bh7 {[%emt 0:01:01]} 12. Qc2 {[%emt 0:04:12] LiveBook: 28 Games A12: English Opening: 1...c6 with b3 by White} Re8 {[%emt 0:02:57]} 13. Bc3 {[%emt 0:02:27]} (13. Rac1 Bd6 14. e4 dxe4 15. Nxe4 Nxe4 16. dxe4 Qe7 17. Rcd1 Red8 18. Qc3 e5 19. Rd2 Bxa3 20. Bxa3 Qxa3 {½-½ (51) Radjabov,T (2738)-Riazantsev,A (2646) Berlin 2015}) 13... Bf8 {[%emt 0:01:36]} 14. Qb2 {[%emt 0:03:22]} c5 {[%emt 0:16:55]} 15. d4 {[%emt 0:03:58]} Rc8 $146 {[%emt 0:11:52]} ({Predecessor:} 15... Ne4 16. Nxe4 Bxe4 17. cxd5 exd5 18. Bh3 Ra6 19. Rac1 cxd4 20. Bxd4 {0-1 (40) Porrasmaa,T (2220)-Eskelinen,A (2198) Finland 2002}) 16. Rec1 {[%emt 0:09:41]} Ne4 {[%emt 0:07:32]} 17. Nxe4 {[%emt 0:05:02]} Bxe4 {[%emt 0:01:08]} 18. cxd5 {[%emt 0:01:13]} Bxd5 {[%emt 0:00:57]} 19. Nd2 {[%emt 0:06:06]} Bxg2 {[%emt 0:03:58]} 20. Kxg2 {[%emt 0:00:10]} b5 {[%emt 0:13:01]} 21. Nf3 {[%emt 0:01:02]} Qb6 {[%emt 0:07:04]} 22. dxc5 {[%emt 0:11:20]} Nxc5 {[%emt 0:01:27]} 23. Bd4 {[%emt 0:00:15]} Qb7 {[%emt 0:01:07]} 24. Rc2 {[%emt 0:00:48]} Ne4 {[%emt 0:02:55]} 25. Rac1 {[%emt 0:03:18]} Rxc2 {[%emt 0:00:17]} 26. Rxc2 {[%emt 0:00:23]} Rc8 {[%emt 0:05:05]} 27. a4 {[%emt 0:00:22]} Rxc2 {[%emt 0:02:28]} 28. Qxc2 {[%emt 0:00:03]} Ng5 {[%emt 0:00:54]} 29. Qc3 {[%emt 0:07:42]} bxa4 {[%emt 0:02:38]} 30. bxa4 {[%emt 0:00:04]} Qe4 {[%emt 0:01:16]} 31. Qd3 {[%emt 0:02:52]} Qd5 {[%emt 0:04:24]} 32. Bb6 {[%emt 0:03:45]} Nxf3 {[%emt 0:03:05]} (32... Qc6 $11 33. Qb5 (33. Bxa5 Qxa4 34. Qd8 Qb5 $11) 33... Qxb5 34. axb5 Nxf3 35. Kxf3 a4) 33. Qxf3 {[%emt 0:02:41]} Bb4 {[%emt 0:02:32]} 34. Qxd5 {[%emt 0:00:30]} exd5 {[%emt 0:00:02]} 35. Kf3 {[%emt 0:00:33]} Kf8 {[%emt 0:01:14] [#]} 36. Kf4 {[%emt 0:00:26]} (36. e4 $1 $18 {has better winning chances.}) 36... f6 {[%emt 0:01:05] [#]} 37. e4 $1 {[%emt 0:02:28]} dxe4 {[%emt 0:00:53]} 38. Kxe4 {[%emt 0:00:02]} Ke7 {[%emt 0:00:01]} 39. Kd5 {[%emt 0:00:18]} Kd7 {[%emt 0:00:15]} 40. f3 {[%emt 0:00:57]} h5 {[%emt 0:00:21]} 41. Bc5 {[%emt 0:01:42]} Be1 {[%emt 0:01:10]} 42. Bf8 {[%emt 0:00:17]} g6 {[%emt 0:00:04]} 43. Bc5 {[%emt 0:00:15]} f5 $18 {[%emt 0:00:54]} (43... Bd2 {might work better.} 44. Bb6 Bb4) 44. Bd4 {[%emt 0:03:06]} h4 {[%emt 0:00:21] [#]} 45. gxh4 $1 {[%emt 0:00:21]} Bxh4 {[%emt 0:00:07]} 46. Bc3 {[%emt 0:00:37]} Bd8 {[%emt 0:00:08]} 47. Kc5 {[%emt 0:00:22]} g5 {[%emt 0:00:11]} 48. h3 {[%emt 0:00:33]} Bc7 {[%emt 0:01:14]} 49. Bd2 {[%emt 0:02:34]} Bd8 {[%emt 0:00:06]} 50. Kb5 {[%emt 0:00:14]} 1-0

[Event "19th Raciborz Open 2019"]
[Site "Raciborz"]
[Date "2019.02.13"]
[Round "7.10"]
[White "Posluszny, Tomasz"]
[Black "Tymrakiewicz, Rafal"]
[Result "0-1"]
[WhiteElo "1843"]
[BlackElo "2194"]
[Annotator "NA"]
[PlyCount "76"]
[EventDate "2019.02.09"]
[EventType "swiss"]
[EventCountry "POL"]
[SourceTitle "playchess.com"]
[Source "ChessBase"]
[SourceQuality "1"]
[TimeControl "5400+30"]

1. d4 {[%emt 0:00:00]} g6 {[%emt 0:06:55]} 2. c4 {[%emt 0:00:00]} Bg7 {[%emt 0:00:40]} 3. Nc3 {[%emt 0:00:00]} d6 {[%emt 0:01:39]} 4. e4 {[%emt 0:00:00]} Nc6 {[%emt 0:02:21]} 5. Nge2 {[%emt 0:05:16]} e5 {[%emt 0:02:34]} 6. d5 {[%emt 0:03:51]} Nce7 {[%emt 0:00:56]} 7. Be3 {[%emt 0:07:53]} f5 {[%emt 0:01:33]} 8. f3 {[%emt 0:00:47]} Nf6 {[%emt 0:27:00]} 9. h3 {[%emt 0:06:52]} c6 {[%emt 0:05:24] A42: Modern Defence: Averbakh Variation} 10. b4 $146 {[%emt 0:09:36]} ({Predecessor:} 10. Qb3 cxd5 11. cxd5 O-O 12. g4 fxe4 13. fxe4 Qa5 14. Bg2 Nd7 15. Qb5 Qc7 16. Nc1 a6 17. Qe2 {½-½ (52) Kolbus,D (2395)-Fritsch,R (2215) Germany 2007}) 10... cxd5 {[%emt 0:01:57]} 11. cxd5 {[%emt 0:02:09]} fxe4 {[%emt 0:06:12]} 12. fxe4 {[%emt 0:00:24]} Nh5 {[%emt 0:05:22]} 13. g4 {[%emt 0:08:19]} Nf6 {[%emt 0:04:48]} 14. Ng3 {[%emt 0:11:31]} O-O {[%emt 0:06:40]} 15. Rc1 {[%emt 0:03:53]} Bd7 {[%emt 0:01:56]} 16. Bd3 {[%emt 0:06:12]} Qe8 {[%emt 0:06:33]} 17. Qe2 {[%emt 0:01:12]} a6 {[%emt 0:03:16]} 18. b5 {[%emt 0:02:11]} h5 {[%emt 0:04:15]} 19. g5 {[%emt 0:06:28]} Nh7 {[%emt 0:00:23]} 20. Nf1 {[%emt 0:03:31]} Rf4 {[%emt 0:01:43]} 21. Nd2 {[%emt 0:07:47]} (21. h4 $16) 21... Nxg5 {[%emt 0:01:19]} 22. Bxf4 {[%emt 0:00:26]} exf4 {[%emt 0:00:08]} 23. Qg2 {[%emt 0:01:04]} Nf7 {[%emt 0:00:45]} 24. Nc4 $19 {[%emt 0:03:13]} (24. bxa6 $15 bxa6 25. Nc4) 24... Rc8 {[%emt 0:02:30]} 25. bxa6 {[%emt 0:02:22]} b5 {[%emt 0:00:13]} 26. Nb6 {[%emt 0:03:24]} Rxc3 {[%emt 0:00:14]} 27. Rxc3 {[%emt 0:00:28]} Bxc3+ {[%emt 0:00:02]} 28. Kd1 {[%emt 0:01:11]} Bd4 {[%emt 0:00:46]} 29. Nxd7 {[%emt 0:00:33]} Qxd7 {[%emt 0:00:03]} 30. Qe2 {[%emt 0:00:13]} Ne5 {[%emt 0:02:10]} 31. Bxb5 {[%emt 0:01:02]} Qc7 {[%emt 0:00:16]} 32. Qc2 {[%emt 0:02:24]} Qa5 {[%emt 0:01:24]} 33. a4 {[%emt 0:01:20]} Qb4 {[%emt 0:02:10]} 34. Rf1 {[%emt 0:00:27]} g5 {[%emt 0:01:20]} 35. h4 {[%emt 0:00:50]} Ng4 {[%emt 0:00:49]} 36. Qc7 {[%emt 0:00:37]} Qb1+ {[%emt 0:00:59]} 37. Kd2 {[%emt 0:00:29]} Qb2+ {[%emt 0:00:37]} 38. Qc2 {[%emt 0:00:22]} Qxc2+ {[%emt 0:00:34]} 0-1

[Event "19th Raciborz Open 2019"]
[Site "Raciborz"]
[Date "2019.02.14"]
[Round "8.1"]
[White "Bogdanov, Ignat"]
[Black "Tomczak, Mikolaj"]
[Result "0-1"]
[WhiteElo "2051"]
[BlackElo "2423"]
[Annotator "TA"]
[PlyCount "120"]
[EventDate "2019.02.09"]
[EventType "swiss"]
[EventCountry "POL"]
[SourceTitle "playchess.com"]
[Source "ChessBase"]
[SourceQuality "1"]

{[%evp 17,120,12,12,18,8,-14,-6,-64,-36,-46,-34,-47,-57,-62,-68,-58,-64,-47,-35,-117,-122,-127,-135,-141,-91,-107,-107,-97,-95,-116,-98,-121,-106,-183,-183,-184,-176,-178,-160,-197,-195,-207,-179,-228,-213,-221,-191,-235,-235,-253,-233,-234,-227,-287,-287,-302,-233,-233,-233,-225,-225,-225,-225,-217,-192,-443,-436,-458,-453,-502,-508,-1019,-1062,-1081,-1011,-1755,-908,-1401,-1384,-1557,-1149,-29971,-29971,-29971,-29972,-29972,-29965,-29974,-29975,-29975,-29976,-29974,-29975,-29975,-29976,-29978,-29978,-29977,-29978,-29982,-29983,-29983,-29984,-29984,-29985]} 1. e4 c5 2. Nf3 d6 3. d4 cxd4 4. Nxd4 Nf6 5. Nc3 a6 6. a4 e5 7. Nf3 h6 8. Bc4 Be7 9. O-O {B90: Sicilian Najdorf: Unusual White 6th moves, 6 Be3 Ng4 and 6 Be3 e5} O-O {LiveBook: 13 Games} 10. b3 $146 ({Predecessor:} 10. Qe2 Be6 11. Rd1 Qc7 12. Ba2 Bxa2 13. Rxa2 Nc6 14. Be3 Rfe8 15. Nh4 Nd4 16. Bxd4 exd4 17. Rxd4 {1-0 (61) Onischuk,V (2593)-Safarli,E (2649) Kocaeli 2014}) 10... Be6 11. Bd5 {The position is equal.} Qc7 12. Ne2 (12. Qd3 $11) 12... Nbd7 13. c4 Bxd5 14. exd5 {[#]} b5 $1 {[%mdl 512]} 15. Be3 (15. axb5 axb5) 15... bxc4 16. Rc1 Rab8 $36 {[%mdl 2048] Black fights for an advantage.} 17. bxc4 Rb2 18. c5 ({Better is} 18. Ng3 $15) 18... Nxc5 $17 19. Ng3 Rd8 20. Re1 Qb7 21. Bxc5 dxc5 22. Nxe5 {Black should prevent Nc6.} Rxd5 23. Qf3 Rb3 24. Qe2 Bf8 25. Ng4 (25. Nc4 $17 Rb4 26. a5) 25... Nxg4 $19 26. Qxg4 {[#]} Rb4 $1 {[%cal Rb4g4]} 27. Qf3 Rxa4 28. Nf5 Qd7 29. Ne3 Re5 30. Rf1 Re8 31. Nc4 {With the idea Nb6.} Qe6 32. Qd3 g6 33. Ne3 Rd4 34. Qc3 h5 35. Rfe1 Re4 36. h3 Bh6 37. Qxc5 Rxe3 38. fxe3 Bxe3+ 39. Rxe3 Qxe3+ 40. Qxe3 Rxe3 {[%mdl 4096] Endgame KR-KR} 41. Rc8+ $2 (41. Ra1) 41... Kg7 42. Ra8 Ra3 43. h4 Ra4 44. Kf2 (44. g3 $142 Ra2 45. Kf1) 44... Rxh4 45. Rxa6 f5 46. Kg3 Rc4 47. Rb6 Kh6 48. Ra6 Kg5 49. Rb6 h4+ {Black mates.} 50. Kh2 Rc3 51. Ra6 Kh5 52. Ra8 g5 53. Ra4 f4 54. Rb4 Kg4 55. Ra4 h3 56. Ra2 hxg2 57. Kxg2 Re3 58. Rb2 {[#]} Re2+ $1 {[%mdl 512]} 59. Rxe2 f3+ {[%cal Bf4f3,Bf3e2][%mdl 32]} 60. Kf2 fxe2 {Precision: White = 18%, Black = 84%.} 0-1

[Event "19th Raciborz Open 2019"]
[Site "Raciborz"]
[Date "2019.02.14"]
[Round "8.2"]
[White "Mirzoev, Emil"]
[Black "Nester, Ihor"]
[Result "1/2-1/2"]
[WhiteElo "2511"]
[BlackElo "2369"]
[Annotator "TA"]
[PlyCount "36"]
[EventDate "2019.02.09"]
[EventType "swiss"]
[EventCountry "POL"]
[SourceTitle "playchess.com"]
[Source "ChessBase"]
[SourceQuality "1"]

{[%evp 19,21,0,0,0]} 1. d4 d5 2. Nf3 Nf6 3. c4 e6 4. g3 Bb4+ 5. Bd2 Be7 6. Bg2 O-O 7. O-O Nbd7 8. Qc2 c6 9. Bf4 b6 10. cxd5 cxd5 11. Rc1 {E08: Closed Catalan: Main Line: 7 Qc2} {Predecessor:} Bb7 $146 12. Qb3 Rc8 13. Rxc8 Qxc8 14. Nc3 a6 15. Rc1 Qa8 16. Na4 b5 17. Nc5 Nxc5 18. dxc5 d4 {½-½ (30) Wojtaszek,R (2749)-Ding,L (2816) Shenzhen 2018} 1/2-1/2

[Event "19th Raciborz Open 2019"]
[Site "Raciborz"]
[Date "2019.02.14"]
[Round "8.3"]
[White "Grabarczyk, Miroslaw"]
[Black "Peng, Li Min"]
[Result "1/2-1/2"]
[WhiteElo "2374"]
[BlackElo "2451"]
[Annotator "TA"]
[PlyCount "37"]
[EventDate "2019.02.09"]
[EventType "swiss"]
[EventCountry "POL"]
[SourceTitle "playchess.com"]
[Source "ChessBase"]
[SourceQuality "1"]

{[%evp 14,15,33,25]} 1. d4 Nf6 2. c4 g6 3. Nf3 Bg7 4. g3 O-O 5. Bg2 d5 6. cxd5 Nxd5 7. O-O Nb6 8. Nc3 {Predecessor:} Nc6 $146 9. e3 e5 10. d5 Na5 11. b3 e4 12. Nd4 Nxd5 13. Nxe4 b6 14. b4 Nxb4 15. Ba3 c5 16. Nxc5 bxc5 17. Bxa8 Ba6 18. Bg2 Bxf1 19. Bxf1 {½-½ (32) Mamedyarov,S (2817)-Radjabov,T (2757) Wijk aan Zee 2019} 1/2-1/2

[Event "19th Raciborz Open 2019"]
[Site "Raciborz"]
[Date "2019.02.14"]
[Round "8.4"]
[White "Simantsev, Mikhail"]
[Black "Bogdanov, Egor"]
[Result "1-0"]
[WhiteElo "2394"]
[BlackElo "2418"]
[Annotator "RC"]
[PlyCount "107"]
[EventDate "2019.02.09"]
[EventType "swiss"]
[EventCountry "POL"]
[SourceTitle "playchess.com"]
[Source "ChessBase"]
[SourceQuality "1"]
[TimeControl "5400+30"]

1. d4 {[%emt 0:05:26]} Nf6 {[%emt 0:03:31]} 2. c4 {[%emt 0:00:08]} g6 {[%emt 0:00:17]} 3. Nc3 {[%emt 0:00:11]} Bg7 {[%emt 0:00:06]} 4. e4 {[%emt 0:00:14]} O-O {[%emt 0:00:21]} 5. Nf3 {[%emt 0:00:04]} d6 {[%emt 0:00:12]} 6. h3 {[%emt 0:00:02]} e5 {[%emt 0:00:45]} 7. d5 {[%emt 0:00:02]} a5 {[%emt 0:01:32]} 8. g4 {[%emt 0:04:14]} Na6 {[%emt 0:00:30]} 9. Be3 {[%emt 0:00:05]} Nd7 {[%emt 0:03:00]} 10. a3 {[%emt 0:00:16]} Nac5 {[%emt 0:02:13]} 11. Rg1 {[%emt 0:00:12]} a4 {[%emt 0:02:03]} 12. Nd2 {[%emt 0:02:35]} Kh8 {[%emt 0:05:56]} 13. Qc2 {[%emt 0:04:59]} c6 {[%emt 0:08:09]} 14. O-O-O {[%emt 0:01:55]} Nb6 {[%emt 0:07:17]} 15. Kb1 {[%emt 0:00:20]} Bd7 {[%emt 0:00:24]} 16. h4 {[%emt 0:05:01]} h6 {[%emt 0:03:31]} 17. Be2 {[%emt 0:01:34]} Ra5 {[%emt 0:01:54]} 18. Rc1 {[%emt 0:05:24]} Qe7 {[%emt 0:04:48]} 19. Qd1 {[%emt 0:09:02]} Kg8 {[%emt 0:15:47]} 20. h5 {[%emt 0:27:34]} g5 {[%emt 0:01:50]} 21. Nf1 {[%emt 0:01:46]} Rb8 {[%emt 0:02:02]} 22. Na2 {[%emt 0:09:10]} Qd8 {[%emt 0:02:23]} 23. Nd2 {[%emt 0:02:27]} Nc8 {[%emt 0:01:32]} 24. f3 {[%emt 0:00:44]} Qc7 {[%emt 0:01:15]} 25. Nc3 {[%emt 0:04:26]} Kh7 {[%emt 0:03:05]} 26. Qc2 {[%emt 0:01:07]} Bf8 {[%emt 0:14:23]} 27. Rcd1 {[%emt 0:03:14]} Na7 {[%emt 0:02:17]} 28. Na2 {[%emt 0:01:36]} Nb3 {[%emt 0:01:10]} 29. c5 {[%emt 0:04:11]} dxc5 {[%emt 0:01:54]} 30. Nc4 {[%emt 0:00:28]} Nb5 {[%emt 0:02:07]} 31. Nxa5 {[%emt 0:01:15]} Qxa5 {[%emt 0:00:01]} 32. dxc6 {[%emt 0:01:43]} Be6 {[%emt 0:03:24]} 33. Bxb5 {[%emt 0:01:05]} Qxb5 {[%emt 0:00:01]} 34. c7 {[%emt 0:00:00]} Rc8 {[%emt 0:00:17]} 35. Nc3 {[%emt 0:00:01]} Qc6 {[%emt 0:02:23]} 36. Rd8 {[%emt 0:00:57]} Qxc7 {[%emt 0:01:19]} 37. Rxc8 {[%emt 0:00:05]} Qxc8 {[%emt 0:00:02]} 38. Nxa4 {[%emt 0:00:51]} Qc6 {[%emt 0:01:01]} 39. Nc3 {[%emt 0:00:06]} c4 {[%emt 0:00:19]} 40. Rd1 {[%emt 0:01:15]} b5 {[%emt 0:00:14]} 41. Rd8 {[%emt 0:00:42]} Be7 {[%emt 0:01:25]} 42. Rb8 {[%emt 0:00:01]} b4 {[%emt 0:01:38]} 43. axb4 {[%emt 0:00:02]} Qa6 {[%emt 0:00:13]} 44. Qd1 {[%emt 0:00:30]} Qa1+ {[%emt 0:01:06]} 45. Kc2 {[%emt 0:00:01]} Qa6 {[%emt 0:00:01]} 46. Rb6 {[%emt 0:01:12]} Qa8 {[%emt 0:00:27]} 47. Rxe6 {[%emt 0:00:36]} fxe6 {[%emt 0:00:06]} 48. Qd7 {[%emt 0:00:08]} Qd8 {[%emt 0:00:18]} 49. Qxd8 {[%emt 0:00:24]} Bxd8 {[%emt 0:00:01]} 50. Ne2 {[%emt 0:01:20]} Kg7 {[%emt 0:01:28]} 51. Kc3 {[%emt 0:00:07]} Kf7 {[%emt 0:00:10]} 52. Kxc4 {[%emt 0:00:08]} Na1 {[%emt 0:00:03]} 53. Kc3 {[%emt 0:00:25]} Be7 {[%emt 0:00:28]} 54. Bc5 {[%emt 0:00:19]} 1-0